SPSS-11, the SPSS batch system for the DEC PDP-11 /

Saved in:
Bibliographic Details
Main Author: Morrison, Nancy K.
Format: Book
Language:English
Published: New York : McGraw-Hill, c1982.
Edition:2nd ed.
Subjects:
Tags: Add Tag
No Tags, Be the first to tag this record!
LEADER 01008nam a2200301 a 4500
001 001163473-1
005 20020606090541.3
008 821229s1982 nyua b 00110 eng
010 |a  81083772  
020 |a 0070465460 (pbk.) 
035 0 |a ocm09154443 
040 |a DLC  |c DLC 
050 0 0 |a HA32  |b .M67 1982 
100 1 |a Morrison, Nancy K. 
245 1 0 |a SPSS-11, the SPSS batch system for the DEC PDP-11 /  |c Nancy K. Morrison. 
246 3 |a S.P.S.S.-11, the S.P.S.S. batch system for the DEC PDP-11. 
250 |a 2nd ed. 
260 0 |a New York :  |b McGraw-Hill,  |c c1982. 
300 |a xvi, 312 p. :  |b ill. ;  |c 28 cm. 
500 |a Rev. ed. of: SPSS-11, the SPSS batch system for the DEC PDP-11. c1980. 
500 |a "Release 4"--Cover. 
500 |a Includes index. 
504 |a Bibliography: p. 306. 
630 0 0 |a SPSS (Computer file) 
650 0 |a Social sciences  |x Statistical methods  |x Computer programs. 
730 0 |a SPSS-11, the SPSS batch system for DEC PDP-11. 
988 |a 20020608 
906 |0 DLC